| Tag |
First Indicator |
Second Indicator |
Subfields |
| LEADER |
00000cam a22000008a 4500 |
| 001 |
in00000407113 |
| 005 |
20151012051737.0 |
| 008 |
850828s1985 njuac b 10000ceng d |
| 010 |
|
|
|a 85020585
|
| 020 |
|
|
|a 0898595444
|
| 035 |
|
|
|a (OCoLC)12556846
|
| 035 |
|
|
|9 ABT7354AM
|
| 039 |
0 |
|
|a 2
|b 3
|c 3
|d 3
|e 3
|
| 040 |
|
|
|a DNLM/DLC
|c DLC
|d TXA
|d UtOrBLW
|
| 043 |
|
|
|a n-us---
|
| 049 |
|
|
|a TXAM
|c [A09333504]
|
| 050 |
0 |
0 |
|a BF181
|b .A87 1985
|
| 060 |
|
0 |
|a BF 181 A939 1983
|
| 082 |
0 |
|
|a 152/.092/2
|2 19
|
| 245 |
0 |
0 |
|a Autobiographies in experimental psychology /
|c edited by Ronald Gandelman ; Frank A. Beach [and others].
|
| 263 |
|
|
|a 8509
|
| 264 |
|
1 |
|a Hillsdale, N.J. :
|b Erlbaum Associates,
|c 1985.
|
| 300 |
|
|
|a viii, 119 pages :
|b illustrations, portraits
|
| 336 |
|
|
|a text
|b txt
|2 rdacontent
|
| 337 |
|
|
|a unmediated
|b n
|2 rdamedia
|
| 338 |
|
|
|a volume
|b nc
|2 rdacarrier
|
| 500 |
|
|
|a Proceedings of a symposium held by the Rutgers University Dept. of Psychology in the spring of 1983.
|
| 504 |
|
|
|a Includes bibliographies.
|
| 650 |
|
0 |
|a Psychology, Experimental
|x Congresses.
|
| 650 |
|
0 |
|a Psychophysiology
|v Congresses.
|
| 650 |
|
0 |
|a Experimental psychologists
|z United States
|x Biography
|x Congresses.
|
| 650 |
|
2 |
|a Psychology, Experimental
|x congresses.
|
| 650 |
|
2 |
|a Psychology, Experimental
|x personal narratives.
|
| 700 |
1 |
|
|a Gandelman, Ronald.
|
| 700 |
1 |
|
|a Beach, Frank A.
|q (Frank Ambrose),
|d 1911-1988.
|
| 710 |
2 |
|
|a Rutgers University.
|b Department of Psychology.
|
| 999 |
|
|
|a MARS
|
| 999 |
f |
f |
|s b3311158-ded8-363e-bae4-5486cc6cd4ce
|i daf2f499-4fc8-3757-ab49-93e33566c639
|t 0
|
| 952 |
f |
f |
|p ric
|a Texas A&M University
|b Rellis Campus
|c Joint Library Facility
|d Remote Storage
|t 0
|e BF181 .A87 1985
|h Library of Congress classification
|i unmediated -- volume
|m A14809333504
|
| 998 |
f |
f |
|a BF181 .A87 1985
|t 0
|l Remote Storage
|